00421nam a2200157Ia 450000500170000000800410001702000150005808200230007310000160009624500590011226000400017130000180021165000100022965000130023965000110025220250325044901.0240331s9999 xx 000 0 und d a0415903203 a302.234bDOA23944 aDoane, M. A 0aFemme Fatales :bFeminism, Film Theory, Psychoanalysis aLondon;aNew York,bRoutledgec1991 aviii, 311 p., aWomen aFeminism aCinema